| 000 | 01783nam a2200397 i 4500 | ||
|---|---|---|---|
| 001 | DIGPLAVLDS0303 | ||
| 003 | NyNyDIG | ||
| 006 | m o d | ||
| 007 | cr ||||||||||| | ||
| 008 | 231018s2015 mx ab ob 000 0 spa d | ||
| 035 | _a(OCoLC)1406037374 | ||
| 040 |
_aDGITA _beng _erda _epn _cDGITA |
||
| 020 | _z9786074028393 | ||
| 050 | 1 | 4 | _aHD3840 ebook |
| 100 | 1 |
_aGarcía Ayala, José Antonio, _d1976- _eauthor. |
|
| 245 | 1 | 0 |
_aRehabilitación de espacios públicos, urbanización socio cultural y construcción de ciudadanía : _bel programa Cultura Viva en la colonia Jardín Balbuena / _cJosé Antonio García Ayala. |
| 250 | _aPrimera edición. | ||
| 264 | 1 |
_aMéxico, DF. : _bInstituto Politécnico Nacional : _bPlaza y Valdés Editores, _c[2015] |
|
| 300 |
_a1 online resource : _billustrations, maps. |
||
| 336 |
_atext _btxt _2rdacontent |
||
| 337 |
_acomputer file _bc _2rdamedia |
||
| 338 |
_aonline resource _bcr _2rdacarrier |
||
| 347 |
_atext file _2rdaft |
||
| 347 | _bPDF | ||
| 504 | _aIncludes bibliographical references. | ||
| 588 | 0 | _aOnline resource; title from PDF title page (Digitalia, viewed October 18, 2023) | |
| 650 | 0 | _aPublic works. | |
| 650 | 0 | _aLand use. | |
| 650 | 0 | _aCivil engineering. | |
| 776 | 0 | 8 |
_iPrint version: _aGarcía Ayala, José Antonio, 1976- _tRehabilitación de espacios públicos, urbanización socio cultural y construcción de ciudadanía. _bPrimera edición. _dMéxico, DF. : Instituto Politécnico Nacional : Plaza y Valdés Editores, [2015] _z9786074028393 |
| 791 | 2 |
_aDigitalia (Firm), _edistributor. |
|
| 793 | 0 |
_gDigitalia eBook Collection: _aPlaza y Valdés Editores |
|
| 856 | 4 | 0 |
_3Digitalia Hispánica _uhttps://www.digitaliapublishing.com/a/130510/ |
| 910 | _aPremium collection: 2023 | ||
| 942 | _cRAA | ||
| 999 |
_c280968 _d280968 |
||